Occupational hazards (Record no. 75815)
[ view plain ]
| 000 -LEADER | |
|---|---|
| fixed length control field | 01018cab a2200181 4500 |
| 001 - CONTROL NUMBER | |
| control field | L130824 |
| 008 - FIXED-LENGTH DATA ELEMENTS--GENERAL INFORMATION | |
| fixed length control field | 050902n2005 000 0 eng u |
| 035 ## - SYSTEM CONTROL NUMBER | |
| System control number | (Sirsi) u130824 |
| 041 0# - LANGUAGE CODE | |
| Language code of text/sound track or separate title | eng |
| 100 1# - MAIN ENTRY--PERSONAL NAME | |
| Personal name | McCormick, Helen |
| 245 00 - TITLE STATEMENT | |
| Title | Occupational hazards |
| 260 ## - PUBLICATION, DISTRIBUTION, ETC. | |
| Date of publication, distribution, etc. | 2005 |
| 490 #0 - SERIES STATEMENT | |
| Series statement | Contract Journal |
| Volume/sequential designation | 429(6539) 24 August 2005, 21-23(3) |
| 520 ## - SUMMARY, ETC. | |
| Summary, etc. | Reports on how more construction workers are being lost through chronic illness and injury such as noise-induced hearing loss and crippling back pain than through industrial accidents. Argues that good occupational health management could prevent this loss. Looks at how initiatives, including the Constructing Better Health pilot scheme for the construction industry, and preventative measures can help reduce the problem even for small companies and the type of problems found in the industry. Provides list of website for further information. |
| 590 ## - LOCAL NOTE (RLIN) | |
| Local note | IKA130905 |
| 690 ## - LOCAL SUBJECT ADDED ENTRY--TOPICAL TERM (OCLC, RLIN) | |
| Topical term or geographic name as entry element | MANAGEMENT-HEALTH AND SAFETY-PERSONAL HEALTH AND SAFETY |
| 942 ## - ADDED ENTRY ELEMENTS (KOHA) | |
| Suppress in OPAC | 0 |
| Withdrawn status | Lost status | Source of classification or shelving scheme | Damaged status | Not for loan | Home library | Current library | Shelving location | Date acquired | Total Checkouts | Full call number | Barcode | Date last seen | Copy number | Price effective from | Koha item type |
|---|---|---|---|---|---|---|---|---|---|---|---|---|---|---|---|
| Dewey Decimal Classification | London | London | Journal article | 02/09/2005 | L130824 | 130824-1001 | 06/08/2019 | 1 | 06/08/2019 | Journal article |